000 01082nam0a22002891 4500
001 rc\2572546
005 20250623112932.0
035 _a(NLR Aleph) 006737253
090 _a5606617
_c5606617
100 _a20110914d1928 |||y0rusy50 ca
101 1 _arus
_ceng
102 _aRU
105 _ay z |||a|
200 1 _aПогибшие в волнах океана
_dSoaned in seaweed
_e[Рассказы]
_fСтифен Ликок
_gПер. с англ. В. Барбашевой
210 _aМосква
_aЛенинград
_cЗемля и фабрика
_d[MCMXXVIII] [1928]
_eМосква
_gтип. Госиздата "Красный пролетарий"
215 _a29 с., [2] с. объявл.
_d17х13 см.
225 1 _aБиблиотека сатиры и юмора
510 0 _aSoaned in seaweed
700 1 _aЛикок
_bС.
_f1869-1944
_gСтивен
702 1 _aБарбашева
_bВ.
_4730
801 0 _aRU
_bNLR
_gpsbo
801 1 _aRU
_bELAR
_2rusmarc
852 _aNLR
_j62/3789
852 _aNLR
_jЛ60 В-2/132
942 _cBOOK
980 _aNB